| 000 | 00565nam a22002057a 4500 | ||
|---|---|---|---|
| 003 | OSt | ||
| 005 | 20140310183114.0 | ||
| 008 | 130415t xxu||||| |||| 00| 0 eng d | ||
| 020 | _a9789712340031 | ||
| 050 |
_aLC315.P6 _b.T562 2005 |
||
| 082 |
_aFIL 301.02 _bT44 2005 |
||
| 245 |
_aSocial philosophy : _bfoundations of values education / _cTiempo, Alex |
||
| 260 |
_aManila : _bRex Book Store, _c2005 |
||
| 300 |
_aix, 134p. : _bill. ; _c25 cm. |
||
| 521 | _aCollege | ||
| 526 | _c1210L-1700L | ||
| 541 | _j1 | ||
| 562 | _e1 | ||
| 942 |
_2lcc _cBK |
||
| 999 |
_c18872 _d18872 |
||